000 00772nam a22002297a 4500
003 UA-OsUOA
001 110009
007 ta
008 20150217b un ||||| |||| 00| 0 ukr d
100 _aГрішнова О.
700 _aСиненко В.
090 _a330(477)
_bГ85
942 _cSA
040 _aUA-OsUOA
_bukr
_cUA-OsUOA
_dUA-OsUOA
245 _aКонкурентоспроможність висококваліфікованих працівників на міжнародному ринку праці: проблеми і виклики
300 _aС.3-8
955 _a0
041 _aukr
080 _a330(477)
773 0 _w110008
_tУкраїна: аспекти праці
_dК.
_d2015
_g1
650 7 _a330 Економіка взагалі
_2UDC
999 _c395910
_d395910